Автоматизированная система анализа учебных планов вуза на соответствие требованиям учебного управления и образовательным стандартам; Средства и системы автоматизации: проблемы и решения

التفاصيل البيبلوغرافية
Parent link:Средства и системы автоматизации: проблемы и решения.— 2009
المؤلف الرئيسي: Ботыгин И. А. Игорь Александрович
مؤلفون آخرون: Каликин К. А. Кирилл Александрович
الملخص:Заглавие с титульного экрана
اللغة:الروسية
منشور في: 2009
الموضوعات:
الوصول للمادة أونلاين:http://www.lib.tpu.ru/fulltext/v/Conferences/2009/k01/22.pdf
التنسيق: MixedMaterials الكتروني فصل الكتاب
KOHA link:https://koha.lib.tpu.ru/cgi-bin/koha/opac-detail.pl?biblionumber=194619

MARC

LEADER 00000naa2a2200000 4500
001 194619
005 20260126114444.0
035 |a (RuTPU)RU\TPU\book\212263 
035 |a RU\TPU\book\212262 
090 |a 194619 
100 |a 20110419d2009 k y0rusy50 ca 
101 0 |a rus 
102 |a RU 
135 |a drnn ---uucaa 
181 0 |a i  
182 0 |a b 
200 1 |a Автоматизированная система анализа учебных планов вуза на соответствие требованиям учебного управления и образовательным стандартам  |f И. А. Ботыгин, К. А. Каликин 
203 |a Текст  |c электронный 
215 |a 1 файл (231 Кб) 
300 |a Заглавие с титульного экрана 
337 |a Adobe Reader 
463 1 |0 (RuTPU)RU\TPU\book\211985  |t Средства и системы автоматизации: проблемы и решения  |o материалы десятой научно-практической конференции (19-20 ноября 2009 г.)  |f ЗАО "ЭлиСи"  |d 2009 
610 1 |a электронный ресурс 
610 1 |a учебные планы 
610 1 |a соответствие 
610 1 |a системы аналитического обеспечения 
610 1 |a автоматизированные системы 
610 1 |a анализ 
610 1 |a образовательные стандарты 
610 1 |a вузы 
610 1 |a труды учёных ТПУ 
700 1 |a Ботыгин  |b И. А.  |c специалист в области информатики и вычислительной техники  |c доцент Томского политехнического университета, кандидат технических наук  |f 1947-  |g Игорь Александрович  |3 (RuTPU)RU\TPU\pers\25190  |9 11270 
701 1 |a Каликин  |b К. А.  |c специалист в области программирования  |c аспирант Томского политехнического университета  |f 1982-  |g Кирилл Александрович  |3 (RuTPU)RU\TPU\pers\25397 
801 1 |a RU  |b 63413507  |c 20110413 
801 2 |a RU  |b 63413507  |c 20111011  |g RCR 
856 4 |u http://www.lib.tpu.ru/fulltext/v/Conferences/2009/k01/22.pdf 
942 |c CF